BIBLIOTECA

SENCICO

Arquitectura sostenible (Registro nro. 2347)

Detalles MARC
000 -LEADER
fixed length control field 00726nam a2200229Ia 4500
005 - DATE AND TIME OF LATEST TRANSACTION
control field 20251020182539.0
008 - FIXED-LENGTH DATA ELEMENTS--GENERAL INFORMATION
fixed length control field 200515s9999 xx 000 0 und d
020 ## - INTERNATIONAL STANDARD BOOK NUMBER
International Standard Book Number 978-9962-04-102-3
082 ## - DEWEY DECIMAL CLASSIFICATION NUMBER
Classification number 728.13.001/M26
100 ## - MAIN ENTRY--PERSONAL NAME
Personal name Martinez Alonso, Claudia
245 #0 - TITLE STATEMENT
Title Arquitectura sostenible
260 ## - PUBLICATION, DISTRIBUTION, ETC.
Place of publication, distribution, etc. China
260 ## - PUBLICATION, DISTRIBUTION, ETC.
Name of publisher, distributor, etc. Lexus
260 ## - PUBLICATION, DISTRIBUTION, ETC.
Date of publication, distribution, etc. 2014
300 ## - PHYSICAL DESCRIPTION
Extent 531 p.
300 ## - PHYSICAL DESCRIPTION
Other physical details il., tbl., graf., fot., col.
500 ## - GENERAL NOTE
General note 1 ejemplar
520 ## - SUMMARY, ETC.
Summary, etc. Presenta consejos prácticos y productos útiles para saber cómo construir una casa y como acondicionar el interior de una vivienda de manera que impacte lo menos posible en el entorno.
650 ## - SUBJECT ADDED ENTRY--TOPICAL TERM
Topical term or geographic name entry element ARQUITECTURA SOSTENIBLE
942 ## - ADDED ENTRY ELEMENTS (KOHA)
Koha item type Libros
Existencias
Fecha de la última vez que lo usaron Pago total Signatura topográfica completa Código de barras Precio efectivo desde Tipo de documento Estado perdido Estado dañado No es para préstamo Retirado Ubicación permanente Ubicación actual Fecha de adquisición
15/05/2020   728.13.001/M26 Bib-Lima15052347 15/05/2020 Libros         Biblioteca Central Lima Biblioteca Central Lima 15/05/2020